[Event "PNWCC Online Blitz JP 23"]
[Site "chess.com INT"]
[Date "2021.04.11"]
[Round "8"]
[White "Yang, Kaiqi"]
[Black "Jobava, Ba"]
[Result "1/2-1/2"]
[WhiteElo "2481"]
[BlackElo "2603"]
[PlyCount "133"]
[EventDate "2021.04.11"]
[EventType "swiss (blitz)"]
[EventRounds "12"]
[EventCountry "NET"]
[Source "Mark Crowther"]
[SourceDate "2021.04.12"]

1. d4 d5 2. Nf3 c6 3. e3 Nf6 4. Bd3 Bg4 5. Nbd2 e6 6. h3 Bf5 7. Bxf5 exf5 8. c4
Nbd7 9. cxd5 Nxd5 10. Nc4 Be7 11. Bd2 O-O 12. O-O Re8 13. Qc2 g6 14. Na5 Qc7
15. a3 N7f6 16. b4 Ne4 17. Ne5 Rac8 18. Rac1 Bf6 19. Nd3 f4 20. Nxf4 Nxf4 21.
exf4 Bxd4 22. Be3 Bxe3 23. fxe3 Re7 24. Nc4 Rce8 25. Rcd1 h5 26. Ne5 Ng3 27.
Rf3 h4 28. a4 Rd8 29. Rc1 Rxe5 30. fxe5 Qxe5 31. Qf2 f5 32. Rf4 g5 33. Rfc4 Rd3
34. e4 fxe4 35. Qxa7 Ne2+ 36. Kh1 Nxc1 37. Qa8+ Kg7 38. Qxb7+ Kf8 39. Rxc1 Qd5
40. Rf1+ Ke8 41. Qc8+ Ke7 42. Qf8+ Ke6 43. Qf6+ Kd7 44. Qg7+ Ke6 45. Rf6+ Ke5
46. Rf1+ Ke6 47. Rf6+ Ke5 48. Rf8+ Ke6 49. Qf7+ Ke5 50. Qg7+ Kd6 51. Rd8+ Ke6
52. Rxd5 cxd5 53. a5 Ra3 54. a6 e3 55. Qg6+ Ke5 56. Qxg5+ Ke4 57. Qe7+ Kd3 58.
a7 e2 59. Kh2 Rxa7 60. Qxa7 e1=Q 61. Qa6+ Kd2 62. Qa2+ Kc3 63. Qxd5 Qg3+ 64.
Kh1 Qe1+ 65. Kh2 Qg3+ 66. Kh1 Qe1+ 67. Kh2 1/2-1/2

[Event "PNWCC Online Blitz JP 23"]
[Site "chess.com INT"]
[Date "2021.04.11"]
[Round "9"]
[White "Yang, Kaiqi"]
[Black "Petrosyan, M."]
[Result "0-1"]
[WhiteElo "2481"]
[BlackElo "2625"]
[PlyCount "64"]
[EventDate "2021.04.11"]
[EventType "swiss (blitz)"]
[EventRounds "12"]
[EventCountry "NET"]
[Source "Mark Crowther"]
[SourceDate "2021.04.12"]

1. e4 e5 2. Nf3 Nc6 3. Bb5 a6 4. Ba4 Nf6 5. d4 exd4 6. e5 Ne4 7. O-O Nc5 8.
Bxc6 dxc6 9. Nxd4 Ne6 10. Nxe6 Bxe6 11. Qe2 Be7 12. Rd1 Qc8 13. Nd2 O-O 14. Nf3
Bg4 15. h3 Bh5 16. g4 Bg6 17. Bg5 Re8 18. Bxe7 Rxe7 19. Qc4 Qe8 20. Rd2 b5 21.
Qf4 Rd8 22. Rad1 Rxd2 23. Rxd2 c5 24. c3 h6 25. Kh2 Re6 26. Kg3 Qe7 27. a3 f6
28. Rd5 c6 29. exf6 Rxf6 30. Qe5 Rxf3+ 31. Kxf3 Qf7+ 32. Ke3 Qxd5 0-1

[Event "PNWCC Online Blitz JP 23"]
[Site "chess.com INT"]
[Date "2021.04.11"]
[Round "10"]
[White "Sharikov, Al"]
[Black "Yang, Kaiqi"]
[Result "1-0"]
[WhiteElo "2132"]
[BlackElo "2481"]
[PlyCount "125"]
[EventDate "2021.04.11"]
[EventType "swiss (blitz)"]
[EventRounds "12"]
[EventCountry "NET"]
[Source "Mark Crowther"]
[SourceDate "2021.04.12"]

1. Nf3 Nf6 2. g3 d5 3. Bg2 c6 4. O-O Bg4 5. d3 Nbd7 6. c4 e6 7. Nc3 Be7 8. cxd5
exd5 9. h3 Bh5 10. e4 dxe4 11. dxe4 O-O 12. Qc2 Bxf3 13. Bxf3 Ne5 14. Bg2 Qd3
15. Qb3 Qa6 16. Bf4 Nd3 17. Be3 Bc5 18. Bxc5 Nxc5 19. Qc2 Qd3 20. Rac1 Rfe8 21.
Rfe1 Rad8 22. Re3 Qxc2 23. Rxc2 g6 24. f4 Rd3 25. Kf2 Nh5 26. Rce2 Rd4 27. Bf3
Ng7 28. Kf1 Red8 29. Rc2 Nd3 30. a3 a5 31. Rd2 Ne6 32. Ne2 R4d6 33. e5 R6d7 34.
Bg4 Ndc5 35. Rxd7 Rxd7 36. Nc3 h5 37. Bxe6 Nxe6 38. Ne4 Rd4 39. h4 Kg7 40. Ke2
a4 41. Ng5 Nc5 42. Nf3 Rd5 43. Nd2 b5 44. Rc3 Ne6 45. Ke3 c5 46. Ne4 c4 47. Nd6
Kf8 48. Rc2 Ke7 49. Rd2 Rxd2 50. Kxd2 f6 51. Nxb5 fxe5 52. fxe5 Nc5 53. Nd6 Ke6
54. Nxc4 Ne4+ 55. Ke3 Nxg3 56. Kf4 Ne2+ 57. Kg5 Nc1 58. Kxg6 Kd5 59. Kxh5 Nd3
60. Nb6+ Ke4 61. Nxa4 Kxe5 62. Kg6 Nf4+ 63. Kg5 1-0

[Event "PNWCC Online Blitz JP 23"]
[Site "chess.com INT"]
[Date "2021.04.11"]
[Round "11"]
[White "Yang, Kaiqi"]
[Black "Rychagov, A."]
[Result "0-1"]
[WhiteElo "2481"]
[BlackElo "2545"]
[PlyCount "154"]
[EventDate "2021.04.11"]
[EventType "swiss (blitz)"]
[EventRounds "12"]
[EventCountry "NET"]
[Source "Mark Crowther"]
[SourceDate "2021.04.12"]

1. e4 e6 2. d3 d5 3. Nd2 c5 4. Ngf3 Nc6 5. g3 g6 6. Bg2 Bg7 7. exd5 exd5 8. O-O
Nge7 9. Re1 O-O 10. Nb3 b6 11. c3 Bf5 12. Bf4 h6 13. Ne5 g5 14. Nxc6 Nxc6 15.
Be3 Qd7 16. d4 c4 17. Nd2 Rad8 18. Nf3 f6 19. Nd2 Rfe8 20. Nf1 Bd3 21. Qf3 Be4
22. Qh5 Qf7 23. Qxf7+ Kxf7 24. Bd2 f5 25. Ne3 f4 26. Nf1 f3 27. Bh3 Kg6 28. Ne3
h5 29. b3 g4 30. Bf1 b5 31. a4 Na5 32. axb5 Nxb3 33. Ra6+ Kh7 34. Bc1 Rd7 35.
Ba3 Rb8 36. Nxc4 dxc4 37. Rxe4 Nd2 38. Re1 Rxb5 39. Bc5 Nb1 40. Rc1 Nxc3 41.
Rxc3 Rxc5 42. dxc5 Bxc3 43. c6 Re7 44. Ra4 Bd4 45. Rxc4 Bb6 46. Rc2 Kg7 47. h3
Kf6 48. hxg4 hxg4 49. Ba6 Re1+ 50. Kh2 Bc7 51. Rc4 Kg5 52. Bc8 Rf1 53. Rxg4+
Kf6 54. Rc4 Rxf2+ 55. Kh3 Rf1 56. Rc2 Rh1+ 57. Kg4 Rg1 58. Kxf3 Rxg3+ 59. Ke4
Rg8 60. Bd7 a5 61. Kd5 a4 62. Rf2+ Ke7 63. Re2+ Kf6 64. Ra2 Ra8 65. Kc4 Ke7 66.
Kb5 a3 67. Re2+ Kd6 68. Rd2+ Ke5 69. Ra2 Rb8+ 70. Kc4 Bd6 71. Re2+ Kf4 72. Ra2
Rb2 73. Ra1 a2 74. Kd5 Be5 75. Rf1+ Ke3 76. Kxe5 Rb1 77. Be6 a1=Q+ 0-1

[Event "Titled Tuesday 2021.04.06"]
[Site "chess.com INT"]
[Date "2021.04.06"]
[Round "5"]
[White "Yang, Kaiqi"]
[Black "Gritsenko, N."]
[Result "0-1"]
[WhiteElo "2481"]
[BlackElo "2309"]
[PlyCount "72"]
[EventDate "2021.04.06"]
[EventType "swiss (blitz)"]
[EventRounds "11"]
[EventCountry "NET"]
[Source "Mark Crowther"]
[SourceDate "2021.04.12"]

1. d4 d5 2. Nf3 Nc6 3. Bf4 Bg4 4. e3 e6 5. Bb5 Bd6 6. Bg3 Nge7 7. Nbd2 O-O 8.
c3 a6 9. Bd3 f5 10. Qc2 b5 11. h3 Bh5 12. Bxd6 cxd6 13. g4 Bg6 14. Nh4 Rc8 15.
Nxg6 hxg6 16. a3 e5 17. Qb3 Na5 18. Qa2 Nc4 19. Bxc4 bxc4 20. O-O-O e4 21. Kb1
f4 22. Ka1 g5 23. Qb1 Ng6 24. Rdf1 Nh4 25. Qd1 Qd7 26. Qc2 Rf6 27. Re1 Rcf8 28.
Re2 Ng2 29. Rg1 f3 30. Ree1 Nxe1 31. Rxe1 Rh6 32. Rh1 Kf7 33. Qd1 Rfh8 34. Qf1
Qxg4 35. Nxc4 Qg2 36. Nxd6+ Rxd6 0-1

[Event "US CHESS/ICC Rapids"]
[Site "ICC INT"]
[Date "2021.02.07"]
[Round "3"]
[White "Yang, Kaiqi"]
[Black "Guseinov, G."]
[Result "0-1"]
[WhiteElo "2481"]
[BlackElo "2665"]
[PlyCount "78"]
[EventDate "2021.02.07"]
[EventType "swiss (rapid)"]
[EventRounds "6"]
[EventCountry "USA"]
[Source "Mark Crowther"]
[SourceDate "2021.03.08"]

1. d4 Nf6 2. Nf3 g6 3. Nbd2 Bg7 4. e4 d6 5. Bb5+ Bd7 6. Bxd7+ Nbxd7 7. O-O e5
8. dxe5 Nxe5 9. Nxe5 dxe5 10. Qe2 O-O 11. Nc4 Qe7 12. Bg5 Qe6 13. Bxf6 Bxf6 14.
Rfd1 Rfd8 15. a4 Be7 16. b3 Bc5 17. Rxd8+ Rxd8 18. Rd1 Rxd1+ 19. Qxd1 c6 20.
Qd2 b5 21. axb5 cxb5 22. Na5 Kg7 23. g3 h5 24. h4 Qg4 25. Qd3 a6 26. Nc6 Qe6
27. Qd5 Qxd5 28. exd5 e4 29. b4 Bd6 30. Kf1 f5 31. Ke2 Kf6 32. Ke3 Bc7 33. c3
Kf7 34. Ke2 Ke8 35. Nd4 Be5 36. Ke3 Ke7 37. Nc6+ Kd6 38. Nb8 Kxd5 39. Kd2 Bxb8
0-1

[Event "US CHESS/ICC Rapids"]
[Site "ICC INT"]
[Date "2021.02.07"]
[Round "4"]
[White "Yan, Ruiyang"]
[Black "Yang, Kaiqi"]
[Result "0-1"]
[WhiteElo "2093"]
[BlackElo "2481"]
[PlyCount "104"]
[EventDate "2021.02.07"]
[EventType "swiss (rapid)"]
[EventRounds "6"]
[EventCountry "USA"]
[Source "Mark Crowther"]
[SourceDate "2021.03.08"]

1. e4 e6 2. d4 d5 3. Nc3 Bb4 4. e5 b6 5. a3 Bf8 6. f4 Ne7 7. Nf3 Qd7 8. Be3 Nf5
9. Bf2 h5 10. g3 Bb7 11. Bd3 Nc6 12. h3 O-O-O 13. Qd2 Kb8 14. O-O-O Na5 15. g4
Nh6 16. Rdg1 Nc4 17. Qe2 Qc6 18. Be1 b5 19. f5 a5 20. Nb1 b4 21. axb4 axb4 22.
b3 Na3 23. Nxa3 bxa3 24. Kb1 Qb6 25. Ka2 c5 26. Bc3 Rc8 27. Rb1 cxd4 28. Bxd4
Bc5 29. Bxc5 Qxc5 30. Rhg1 hxg4 31. hxg4 d4 32. Nd2 Ng8 33. Nc4 Ne7 34. Qd2 Nd5
35. Rbe1 Nc3+ 36. Ka1 Bd5 37. Rgf1 Rc7 38. Rf4 Rd8 39. Bf1 Bxc4 40. Bxc4 Qb6
41. Bd3 Nd5 42. Rfe4 Ne3 43. Rc1 Rdc8 44. Ka2 Rc3 45. Rf4 Qc5 46. Kb1 Qxe5 47.
Re4 Qd5 48. fxe6 fxe6 49. Rxe3 dxe3 50. Qxe3 R8c7 51. Qb6+ Rb7 52. Qa6 Rcxb3+
0-1

[Event "US CHESS/ICC Rapids"]
[Site "ICC INT"]
[Date "2021.02.07"]
[Round "5"]
[White "Yang, Kaiqi"]
[Black "Vidyarthi, Vyom"]
[Result "1-0"]
[WhiteElo "2481"]
[BlackElo "2090"]
[PlyCount "169"]
[EventDate "2021.02.07"]
[EventType "swiss (rapid)"]
[EventRounds "6"]
[EventCountry "USA"]
[Source "Mark Crowther"]
[SourceDate "2021.03.08"]

1. e4 e5 2. Nf3 Nc6 3. Bb5 a6 4. Ba4 Nf6 5. d4 exd4 6. O-O Be7 7. e5 Nd5 8.
Nxd4 Nxd4 9. Qxd4 Nb6 10. Bb3 O-O 11. Bf4 d5 12. exd6 Bf6 13. Be5 Bxe5 14. Qxe5
cxd6 15. Qd4 Bf5 16. Nc3 Qc7 17. Rad1 Rad8 18. Rd2 Rfe8 19. h3 h6 20. Rfd1 d5
21. Nxd5 Nxd5 22. Bxd5 b5 23. c4 bxc4 24. Qxc4 Qxc4 25. Bxc4 Rxd2 26. Rxd2 a5
27. Bb5 Re1+ 28. Kh2 Be6 29. b3 g5 30. Rd8+ Kg7 31. Ra8 Ra1 32. Rxa5 Bxb3 33.
a3 Ra2 34. Kg3 f5 35. f3 f4+ 36. Kh2 Bd5 37. Kg1 Ra1+ 38. Kh2 Ra2 39. Be2 Rxe2
40. Rxd5 Ra2 41. Ra5 Kg6 42. h4 Kh5 43. hxg5 hxg5 44. Kh3 Ra1 45. Kh2 Ra2 46.
Ra8 g4 47. Rh8+ Kg5 48. Rg8+ Kf5 49. fxg4+ Ke5 50. Re8+ Kf6 51. Ra8 Kg5 52. Kh3
Ra1 53. Ra5+ Kg6 54. g5 Ra2 55. Kg4 Rxg2+ 56. Kxf4 Rf2+ 57. Ke4 Re2+ 58. Kd4
Rd2+ 59. Kc4 Rc2+ 60. Kb3 Rh2 61. Re5 Rh1 62. a4 Rb1+ 63. Kc4 Rc1+ 64. Kb5 Rb1+
65. Ka6 Ra1 66. a5 Rb1 67. Rb5 Re1 68. Kb7 Re7+ 69. Kc6 Re6+ 70. Kd7 Re1 71.
Kd6 Re2 72. Rc5 Re1 73. Kc6 Re6+ 74. Kb5 Re1 75. a6 Rb1+ 76. Kc6 Ra1 77. Kb6
Rb1+ 78. Rb5 Rf1 79. a7 Rf8 80. Kb7 Rf7+ 81. Ka6 Rf8 82. Rb8 Rf1 83. a8=Q Ra1+
84. Kb5 Rb1+ 85. Kc4 1-0

[Event "US CHESS/ICC Rapids"]
[Site "ICC INT"]
[Date "2021.02.07"]
[Round "6"]
[White "Tsay, Vincent"]
[Black "Yang, Kaiqi"]
[Result "1-0"]
[WhiteElo "2285"]
[BlackElo "2481"]
[PlyCount "79"]
[EventDate "2021.02.07"]
[EventType "swiss (rapid)"]
[EventRounds "6"]
[EventCountry "USA"]
[Source "Mark Crowther"]
[SourceDate "2021.03.08"]

1. d4 e6 2. Bf4 f5 3. e3 Nf6 4. h3 b6 5. Nd2 Bb7 6. Ngf3 Be7 7. Bd3 O-O 8. c3
Ne4 9. Qc2 d5 10. Ne5 Nd7 11. Ndf3 Bf6 12. O-O-O c5 13. Nxd7 Qxd7 14. Ne5 Bxe5
15. Bxe5 Bc6 16. f3 Nd6 17. Kb1 c4 18. Be2 Ba4 19. b3 cxb3 20. axb3 Bb5 21.
Bxd6 Bxe2 22. Bxf8 Bxd1 23. Rxd1 Rxf8 24. Qd3 a5 25. Kb2 a4 26. bxa4 Qxa4 27.
Ra1 Qc6 28. Ra7 b5 29. f4 Rc8 30. Ra1 Qb7 31. Kc2 b4 32. Rb1 Rc4 33. Rb3 Qc6
34. Kd2 bxc3+ 35. Rxc3 h5 36. h4 Kh7 37. Qc2 Qb5 38. Qb3 Rb4 39. Qd1 Rb1 40.
Qxh5+ 1-0

[Event "Titled Tuesday 2021.01.26"]
[Site "chess.com INT"]
[Date "2021.01.26"]
[Round "2"]
[White "Yang, Kaiqi"]
[Black "Samadov, Read"]
[Result "1-0"]
[WhiteElo "2481"]
[BlackElo "2332"]
[PlyCount "105"]
[EventDate "2021.01.26"]
[EventType "team (blitz)"]
[EventRounds "11"]
[EventCountry "NET"]
[Source "Mark Crowther"]
[SourceDate "2021.02.01"]

1. d4 Nf6 2. Nf3 e6 3. e3 d5 4. Bd3 c5 5. b3 Nc6 6. Bb2 cxd4 7. exd4 Bd6 8.
Nbd2 O-O 9. O-O b6 10. Re1 Bb7 11. Ne5 Ne7 12. Qf3 Rc8 13. Qh3 Ne4 14. f3 Ng5
15. Qh5 Ng6 16. h4 Bxe5 17. dxe5 Nf4 18. Qxg5 Nxd3 19. cxd3 Rc2 20. Qxd8 Rxd8
21. Bc1 Ba6 22. Nf1 Bxd3 23. Ne3 Rc6 24. Rd1 Bg6 25. Bb2 Rdc8 26. Rac1 Kf8 27.
Rxc6 Rxc6 28. Rc1 Rxc1+ 29. Bxc1 f6 30. exf6 gxf6 31. Bb2 Ke7 32. f4 h5 33. Kf2
Be4 34. g3 f5 35. Bd4 Kd6 36. Ke2 Kc6 37. Kd2 Kb5 38. Kc3 a5 39. Nd1 Kc6 40.
Nb2 b5 41. a3 Bf3 42. Nd3 Bd1 43. Ne5+ Kd6 44. Bb6 a4 45. bxa4 bxa4 46. Bd4 Kc7
47. Kb4 Kd6 48. Kb5 Bb3 49. Kb6 Bc2 50. Nc6 Kd7 51. Be5 Be4 52. Nd4 Bd3 53. Ka5
1-0

[Event "Titled Tuesday 2021.01.26"]
[Site "chess.com INT"]
[Date "2021.01.26"]
[Round "3"]
[White "Yang, Kaiqi"]
[Black "Ivanov, Ol UKR"]
[Result "1/2-1/2"]
[WhiteElo "2481"]
[BlackElo "2458"]
[PlyCount "102"]
[EventDate "2021.01.26"]
[EventType "team (blitz)"]
[EventRounds "11"]
[EventCountry "NET"]
[Source "Mark Crowther"]
[SourceDate "2021.02.01"]

1. d4 d5 2. Nf3 Nf6 3. e3 e6 4. Bd3 b6 5. b3 Bb7 6. Bb2 Nbd7 7. Nbd2 Be7 8. O-O
O-O 9. Ne5 Nxe5 10. dxe5 Ne4 11. Qe2 Bb4 12. Nxe4 dxe4 13. Ba6 Qc8 14. Bxb7
Qxb7 15. Rad1 Rfd8 16. Qc4 Be7 17. Rd4 c5 18. Rdd1 b5 19. Qe2 a6 20. h3 Qc6 21.
c4 b4 22. Rxd8+ Rxd8 23. Rd1 Rd7 24. Kf1 a5 25. Rxd7 Qxd7 26. Ke1 a4 27. Qd2
Qxd2+ 28. Kxd2 a3 29. Bc1 Bd8 30. f4 h5 31. g4 g5 32. Ke2 Kg7 33. Bd2 Kg6 34.
Be1 Be7 35. Bf2 Bf8 36. Bg3 Be7 37. Bf2 Bd8 38. Bg3 Bc7 39. Bh2 Bb8 40. Bg3 Ba7
41. Bh2 Bb6 42. Bg3 Bd8 43. Bh2 Be7 44. Bg3 Bf8 45. Bh2 Be7 46. Bg3 Bd8 47. Bh2
Bc7 48. Bg3 Kh6 49. Bh2 Kg6 50. Bg3 Bb8 51. Bh2 Bc7 1/2-1/2

[Event "Titled Tuesday 2021.01.26"]
[Site "chess.com INT"]
[Date "2021.01.26"]
[Round "4"]
[White "Aitbayev, Aslan"]
[Black "Yang, Kaiqi"]
[Result "1-0"]
[WhiteElo "2475"]
[BlackElo "2481"]
[PlyCount "63"]
[EventDate "2021.01.26"]
[EventType "team (blitz)"]
[EventRounds "11"]
[EventCountry "NET"]
[Source "Mark Crowther"]
[SourceDate "2021.02.01"]

1. e4 d6 2. d4 Nf6 3. Nc3 e5 4. Nf3 Nbd7 5. Bc4 Be7 6. O-O O-O 7. Re1 c6 8. a4
b6 9. Ba2 a6 10. h3 Bb7 11. Be3 b5 12. axb5 axb5 13. b4 Qc7 14. Qd3 exd4 15.
Bxd4 Ne5 16. Qe3 Nfd7 17. Rad1 Bf6 18. Nh2 c5 19. Bxe5 Bxe5 20. Bd5 Bc6 21.
Bxc6 Qxc6 22. Nd5 Rae8 23. Ng4 Bd4 24. Qg5 Kh8 25. Ne7 Qb7 26. Nf5 g6 27. Nxd6
Qb6 28. Nxe8 Rxe8 29. bxc5 Nxc5 30. Rxd4 Ne6 31. Qf6+ Kg8 32. Nh6+ 1-0

[Event "Titled Tuesday 2021.01.26"]
[Site "chess.com INT"]
[Date "2021.01.26"]
[Round "5"]
[White "Girel, Joseph"]
[Black "Yang, Kaiqi"]
[Result "1-0"]
[WhiteElo "2310"]
[BlackElo "2481"]
[PlyCount "75"]
[EventDate "2021.01.26"]
[EventType "team (blitz)"]
[EventRounds "11"]
[EventCountry "NET"]
[Source "Mark Crowther"]
[SourceDate "2021.02.01"]

1. e4 e6 2. d4 d5 3. exd5 exd5 4. Nf3 c6 5. Bd3 Bd6 6. O-O Ne7 7. Bg5 Bg4 8.
Nbd2 h6 9. Bh4 Nd7 10. c4 Qc7 11. h3 Bh5 12. c5 Bf4 13. Bxe7 Kxe7 14. Re1+ Kf8
15. Qc2 Bxf3 16. Nxf3 h5 17. g3 Bh6 18. h4 Qd8 19. Bf5 g6 20. Bxd7 Qxd7 21. Ne5
Qc7 22. Re2 Kg7 23. Rae1 Rhe8 24. f4 Qc8 25. Kh2 Qf5 26. Qxf5 gxf5 27. Nd7
Rxe2+ 28. Rxe2 Kg6 29. Re7 Bg7 30. Ne5+ Bxe5 31. fxe5 Rb8 32. Rc7 f4 33. gxf4
f6 34. Kg3 fxe5 35. fxe5 Kf5 36. Kf3 b6 37. Rxc6 bxc5 38. Rf6# 1-0

[Event "Titled Tuesday 2021.01.26"]
[Site "chess.com INT"]
[Date "2021.01.26"]
[Round "6"]
[White "Yang, Kaiqi"]
[Black "Dragomirescu, C."]
[Result "1-0"]
[WhiteElo "2481"]
[BlackElo "2064"]
[PlyCount "63"]
[EventDate "2021.01.26"]
[EventType "team (blitz)"]
[EventRounds "11"]
[EventCountry "NET"]
[Source "Mark Crowther"]
[SourceDate "2021.02.01"]

1. d4 g6 2. Nf3 Bg7 3. g3 d6 4. Bg2 Nf6 5. O-O O-O 6. b3 d5 7. c4 c6 8. Nc3 e6
9. Qc2 Nbd7 10. Rd1 b6 11. e4 Ba6 12. e5 Ne8 13. Ba3 dxc4 14. Bxf8 Nxf8 15. Ne4
cxb3 16. axb3 Bb7 17. h4 h5 18. Nfg5 Nh7 19. Nxh7 Kxh7 20. Bh3 Kg8 21. Ng5 Nc7
22. Qe4 Qd5 23. Qf4 c5 24. Qxf7+ Kh8 25. f3 cxd4 26. Qxg6 Kg8 27. Qf7+ Kh8 28.
Qxh5+ Kg8 29. Qf7+ Kh8 30. Qxc7 Rc8 31. Qf7 d3 32. Qh5+ 1-0

[Event "Titled Tuesday 2021.01.26"]
[Site "chess.com INT"]
[Date "2021.01.26"]
[Round "7"]
[White "Yang, Kaiqi"]
[Black "Krysa, L."]
[Result "0-1"]
[WhiteElo "2481"]
[BlackElo "2544"]
[PlyCount "66"]
[EventDate "2021.01.26"]
[EventType "team (blitz)"]
[EventRounds "11"]
[EventCountry "NET"]
[Source "Mark Crowther"]
[SourceDate "2021.02.01"]

1. d4 Nf6 2. Nf3 e6 3. e3 b6 4. Bd3 Bb7 5. b3 c5 6. Bb2 Be7 7. Nbd2 Nc6 8. O-O
O-O 9. c4 cxd4 10. exd4 d5 11. Re1 Rc8 12. Qe2 Re8 13. Ne5 Bf8 14. Ndf3 Rc7 15.
Rad1 Qa8 16. Bb1 Bb4 17. Rf1 Ne7 18. Ng5 Ng6 19. Bxg6 hxg6 20. c5 bxc5 21. dxc5
d4 22. Rxd4 Bxc5 23. Rh4 Bxg2 24. Rc1 Bh1 25. Nef3 Bxf3 26. Nxf3 Rec8 27. Rf1
Nh5 28. Qe5 Bf8 29. Rxh5 gxh5 30. Qxh5 f6 31. Rd1 Qe4 32. Rd4 Qf5 33. Qh3 Qxh3
0-1

[Event "Titled Tuesday 2021.01.19"]
[Site "chess.com INT"]
[Date "2021.01.19"]
[Round "1"]
[White "Dzhaparov, Medet"]
[Black "Yang, Kaiqi"]
[Result "1-0"]
[WhiteElo "1749"]
[BlackElo "2481"]
[PlyCount "69"]
[EventDate "2021.01.19"]
[EventType "swiss (blitz)"]
[EventRounds "11"]
[EventCountry "NET"]
[Source "Mark Crowther"]
[SourceDate "2021.01.25"]

1. d4 e6 2. c4 f5 3. Nc3 Nf6 4. Nf3 Bb4 5. Qc2 b6 6. g3 Bb7 7. Bg2 Ne4 8. Bd2
Nxd2 9. Qxd2 O-O 10. O-O d6 11. a3 Bxc3 12. Qxc3 Nd7 13. Nd2 Bxg2 14. Kxg2 Nf6
15. Rae1 Qe8 16. e4 fxe4 17. Nxe4 Nxe4 18. Rxe4 Qc6 19. f3 Rf6 20. Re3 Raf8 21.
Qd3 a5 22. b3 g5 23. h3 Kg7 24. d5 exd5 25. cxd5 Qc5 26. Rfe1 R8f7 27. a4 h6
28. Re7 Qb4 29. R1e6 Rxe6 30. Rxe6 Rf6 31. Re7+ Kf8 32. Rxc7 Qa3 33. Rc8+ Kg7
34. Rc7+ Kf8 35. Qe2 1-0

[Event "Titled Tuesday 2021.01.19"]
[Site "chess.com INT"]
[Date "2021.01.19"]
[Round "2"]
[White "Yang, Kaiqi"]
[Black "Ozdemir, Serhan Berat"]
[Result "1-0"]
[WhiteElo "2481"]
[BlackElo "2191"]
[PlyCount "55"]
[EventDate "2021.01.19"]
[EventType "swiss (blitz)"]
[EventRounds "11"]
[EventCountry "NET"]
[Source "Mark Crowther"]
[SourceDate "2021.01.25"]

1. d4 Nf6 2. Nf3 g6 3. Nbd2 d5 4. b4 Bg7 5. e3 O-O 6. Be2 b6 7. c4 dxc4 8. Nxc4
Nbd7 9. O-O c5 10. bxc5 bxc5 11. Ba3 cxd4 12. Nxd4 Bb7 13. Bf3 Bxf3 14. Qxf3
Rc8 15. Nc6 Qc7 16. Nxe7+ Kh8 17. Nxc8 Rxc8 18. Nd6 Ne5 19. Qf4 Nd5 20. Qe4 Nc3
21. Qc2 Rd8 22. Rac1 Ng4 23. h3 Rxd6 24. Bxd6 Qxd6 25. hxg4 Qa6 26. Rfe1 Qb5
27. Qb3 Qg5 28. Rxc3 1-0

[Event "Titled Tuesday 2021.01.19"]
[Site "chess.com INT"]
[Date "2021.01.19"]
[Round "3"]
[White "Hryzlova, Sofiia"]
[Black "Yang, Kaiqi"]
[Result "0-1"]
[WhiteElo "2186"]
[BlackElo "2481"]
[PlyCount "120"]
[EventDate "2021.01.19"]
[EventType "swiss (blitz)"]
[EventRounds "11"]
[EventCountry "NET"]
[Source "Mark Crowther"]
[SourceDate "2021.01.25"]

1. c4 d6 2. g3 e5 3. Bg2 Nf6 4. Nc3 Be7 5. e3 O-O 6. Nge2 Nbd7 7. a3 a5 8. O-O
Re8 9. Rb1 c6 10. b4 axb4 11. axb4 Bf8 12. d3 Nb6 13. f4 exf4 14. Nxf4 d5 15.
c5 Nbd7 16. e4 dxe4 17. Nxe4 Nxe4 18. Bxe4 Nf6 19. Bf3 Ra2 20. Rb2 Qd4+ 21.
Rff2 Ra1 22. Kg2 Bf5 23. Qc2 Re1 24. Rb1 Rxb1 25. Qxb1 Ng4 26. Bxg4 Bxg4 27.
Qb2 Qd7 28. h3 Bf5 29. Qd2 Re8 30. Bb2 f6 31. g4 Be6 32. Nxe6 Rxe6 33. d4 Qd5+
34. Kh2 Be7 35. Re2 Bd8 36. Rxe6 Qxe6 37. Bc1 Bc7+ 38. Kg1 Kf7 39. Qe3 Qxe3+
40. Bxe3 Ke6 41. Kf2 Kd5 42. Kf3 g6 43. Bf2 f5 44. gxf5 gxf5 45. Ke3 Kc4 46.
Be1 Bh2 47. h4 Bg1+ 48. Kf4 Bxd4 49. Kxf5 Kd5 50. Bd2 Bh8 51. Kg5 Ke6 52. Kh6
Bf6 53. Kxh7 Bxh4 54. Kg6 Kd5 55. Kh5 Bf2 56. Kg4 Bd4 57. Kf3 Kc4 58. Ke4 Bc3
59. Bxc3 Kxc3 60. b5 Kc4 0-1

[Event "Titled Tuesday 2021.01.19"]
[Site "chess.com INT"]
[Date "2021.01.19"]
[Round "4"]
[White "Yang, Kaiqi"]
[Black "Shubin, Kirill"]
[Result "1-0"]
[WhiteElo "2481"]
[BlackElo "2466"]
[PlyCount "85"]
[EventDate "2021.01.19"]
[EventType "swiss (blitz)"]
[EventRounds "11"]
[EventCountry "NET"]
[Source "Mark Crowther"]
[SourceDate "2021.01.25"]

1. d4 e6 2. Nf3 Nf6 3. e3 b6 4. Bd3 Bb7 5. b3 d5 6. Bb2 Bd6 7. Nbd2 O-O 8. Ne5
Nbd7 9. f4 Ne4 10. O-O f6 11. Nxd7 Qxd7 12. Nxe4 dxe4 13. Be2 Rad8 14. a4 a5
15. Bc4 Kh8 16. Qe2 Qe7 17. Rad1 c5 18. Kh1 cxd4 19. Bxd4 Bc5 20. Bxc5 Qxc5 21.
Bxe6 Qc3 22. Bc4 Bc8 23. Kg1 g6 24. h3 Kg7 25. Kf2 h5 26. Rxd8 Rxd8 27. Rd1
Rxd1 28. Qxd1 Bf5 29. Be2 h4 30. Qd4 Qxd4 31. exd4 e3+ 32. Kxe3 Bxc2 33. Bc4
Kf8 34. Kf2 Ke7 35. g3 hxg3+ 36. Kxg3 Kd6 37. h4 Bf5 38. Kf2 Bc2 39. Ke3 f5 40.
Kd2 Be4 41. Bf7 Bd5 42. Bxd5 Kxd5 43. Kd3 1-0

[Event "Titled Tuesday 2021.01.19"]
[Site "chess.com INT"]
[Date "2021.01.19"]
[Round "5"]
[White "Yang, Kaiqi"]
[Black "Gokerkan, Cem Kaan"]
[Result "1-0"]
[WhiteElo "2481"]
[BlackElo "2470"]
[PlyCount "121"]
[EventDate "2021.01.19"]
[EventType "swiss (blitz)"]
[EventRounds "11"]
[EventCountry "NET"]
[Source "Mark Crowther"]
[SourceDate "2021.01.25"]

1. d4 d5 2. Nf3 Nf6 3. e3 e6 4. Bd3 Be7 5. b3 O-O 6. Bb2 b6 7. Nbd2 Bb7 8. Ne5
c5 9. O-O Nbd7 10. f4 Ne4 11. Qe2 Rc8 12. Rad1 Ndf6 13. Ndf3 cxd4 14. exd4 Nc3
15. Bxc3 Rxc3 16. Ng5 h6 17. Rf3 hxg5 18. fxg5 Rxd3 19. cxd3 Nh7 20. h4 Qd6 21.
Rdf1 f5 22. gxf6 Bxf6 23. Rg3 Bxh4 24. Rxf8+ Nxf8 25. Rh3 Bf6 26. Rh8+ Kxh8 27.
Nf7+ Kg8 28. Nxd6 Bxd4+ 29. Kh1 Bc6 30. Qf3 Bf6 31. Nc8 Ng6 32. Nxa7 Bb7 33.
Qg4 Kf7 34. Nb5 Be7 35. Qg3 e5 36. Qg4 d4 37. Qd7 Ba8 38. Nd6+ Kg8 39. Qe8+ Kh7
40. Qxa8 Bxd6 41. Qc6 Bc5 42. b4 Bxb4 43. Qxb6 Bc3 44. a4 Nf4 45. Qb5 e4 46.
Qf5+ Ng6 47. Qxe4 Kh6 48. Qf5 Nh4 49. Qf4+ g5 50. Qd6+ Kh5 51. Qc5 Kg4 52. Qc8+
Nf5 53. Qc5 Kf4 54. a5 Bd2 55. a6 Be3 56. Qc7+ Kg4 57. a7 Bf4 58. Qc2 Ng3+ 59.
Kg1 Be3+ 60. Qf2 Ne2+ 61. Kf1 1-0

[Event "Titled Tuesday 2021.01.19"]
[Site "chess.com INT"]
[Date "2021.01.19"]
[Round "6"]
[White "Ter Sahakyan, S."]
[Black "Yang, Kaiqi"]
[Result "1-0"]
[WhiteElo "2640"]
[BlackElo "2481"]
[PlyCount "63"]
[EventDate "2021.01.19"]
[EventType "swiss (blitz)"]
[EventRounds "11"]
[EventCountry "NET"]
[Source "Mark Crowther"]
[SourceDate "2021.01.25"]

1. e4 d6 2. d4 Nf6 3. Nc3 e5 4. Nf3 exd4 5. Qxd4 Nc6 6. Bb5 Bd7 7. Bxc6 Bxc6 8.
Bg5 Be7 9. O-O-O O-O 10. Kb1 Nd7 11. h4 Bf6 12. Qe3 a5 13. Nd4 a4 14. a3 Ra5
15. f3 Ne5 16. g4 Nc4 17. Qe2 Rc5 18. Na2 Bxg5 19. hxg5 Qxg5 20. Nb4 Nb6 21.
Rh5 Qf6 22. Nf5 h6 23. Rdh1 Nc4 24. c3 Nxa3+ 25. bxa3 Qxc3 26. Qb2 Qxb2+ 27.
Kxb2 d5 28. exd5 Re8 29. dxc6 Re2+ 30. Kb1 Rc3 31. Nd4 Rxa3 32. cxb7 1-0